<?xml version="1.0" encoding="UTF-8"?>
<collection xmlns="http://www.loc.gov/MARC21/slim">
 <record>
  <leader>01686nam a22002537a 4500</leader>
  <controlfield tag="001">NCT_4_019866</controlfield>
  <controlfield tag="008">250516b        xxu||||| |||| 00| 0 vie d</controlfield>
  <datafield tag="999" ind1=" " ind2=" ">
   <subfield code="c">8968</subfield>
   <subfield code="d">8968</subfield>
  </datafield>
  <datafield tag="020" ind1=" " ind2=" ">
   <subfield code="a">9786041240520</subfield>
   <subfield code="c">115000</subfield>
  </datafield>
  <datafield tag="082" ind1="0" ind2="4">
   <subfield code="2">23rd ed.</subfield>
   <subfield code="a">303.4834</subfield>
   <subfield code="b">C311</subfield>
  </datafield>
  <datafield tag="100" ind1="1" ind2=" ">
   <subfield code="a">Carr, Nicholas</subfield>
  </datafield>
  <datafield tag="245" ind1="1" ind2="0">
   <subfield code="a">Chuyển đổi lớn</subfield>
   <subfield code="b">: Ráp lại thế giới, từ Edison tới Google = The big switch</subfield>
   <subfield code="c">Nicholas Carr ; Vũ Duy Mẫn (Dịch)</subfield>
  </datafield>
  <datafield tag="250" ind1=" " ind2=" ">
   <subfield code="a">In lần thứ 2</subfield>
  </datafield>
  <datafield tag="260" ind1=" " ind2=" ">
   <subfield code="a">Tp. Hồ Chí Minh</subfield>
   <subfield code="b">Trẻ</subfield>
   <subfield code="c">2023</subfield>
  </datafield>
  <datafield tag="300" ind1=" " ind2=" ">
   <subfield code="a">318 tr.</subfield>
   <subfield code="c">21cm</subfield>
  </datafield>
  <datafield tag="504" ind1=" " ind2=" ">
   <subfield code="a">Có tài liệu tham khảo</subfield>
  </datafield>
  <datafield tag="520" ind1="3" ind2=" ">
   <subfield code="a">Đề cập đến cuộc cách mạng mới liên quan đến máy tính và lí giải việc chuyển từ kỉ nguyên máy tính cá nhân sang kỉ nguyên của tiện ích điện toán, điện toán đang dần trở thành một loại dịch vụ tiện ích mang tính đại chúng và hệ quả của quá trình này sẽ thay đổi triệt để xã hội </subfield>
  </datafield>
  <datafield tag="653" ind1=" " ind2=" ">
   <subfield code="a">Công nghệ thông tin</subfield>
  </datafield>
  <datafield tag="700" ind1="1" ind2=" ">
   <subfield code="a">Vũ Duy Mẫn</subfield>
   <subfield code="e">Dịch</subfield>
  </datafield>
  <datafield tag="942" ind1=" " ind2=" ">
   <subfield code="2">ddc</subfield>
   <subfield code="c">BK</subfield>
  </datafield>
  <datafield tag="952" ind1=" " ind2=" ">
   <subfield code="0">0</subfield>
   <subfield code="1">0</subfield>
   <subfield code="2">ddc</subfield>
   <subfield code="4">0</subfield>
   <subfield code="6">303_483400000000000_C311</subfield>
   <subfield code="7">0</subfield>
   <subfield code="9">30735</subfield>
   <subfield code="a">000001</subfield>
   <subfield code="b">000001</subfield>
   <subfield code="d">2025-05-16</subfield>
   <subfield code="o">303.4834 C311</subfield>
   <subfield code="p">MD.23748</subfield>
   <subfield code="r">2025-05-16</subfield>
   <subfield code="v">115000.00</subfield>
   <subfield code="w">2025-05-16</subfield>
   <subfield code="y">BK</subfield>
  </datafield>
  <datafield tag="952" ind1=" " ind2=" ">
   <subfield code="0">0</subfield>
   <subfield code="1">0</subfield>
   <subfield code="2">ddc</subfield>
   <subfield code="4">0</subfield>
   <subfield code="6">303_483400000000000_C311</subfield>
   <subfield code="7">0</subfield>
   <subfield code="9">30736</subfield>
   <subfield code="a">000001</subfield>
   <subfield code="b">000001</subfield>
   <subfield code="d">2025-05-16</subfield>
   <subfield code="o">303.4834 C311</subfield>
   <subfield code="p">MD.23749</subfield>
   <subfield code="r">2025-05-16</subfield>
   <subfield code="v">115000.00</subfield>
   <subfield code="w">2025-05-16</subfield>
   <subfield code="y">BK</subfield>
  </datafield>
  <datafield tag="952" ind1=" " ind2=" ">
   <subfield code="0">0</subfield>
   <subfield code="1">0</subfield>
   <subfield code="2">ddc</subfield>
   <subfield code="4">0</subfield>
   <subfield code="6">303_483400000000000_C311</subfield>
   <subfield code="7">0</subfield>
   <subfield code="9">30737</subfield>
   <subfield code="a">000001</subfield>
   <subfield code="b">000001</subfield>
   <subfield code="d">2025-05-16</subfield>
   <subfield code="o">303.4834 C311</subfield>
   <subfield code="p">MD.23750</subfield>
   <subfield code="r">2025-05-16</subfield>
   <subfield code="v">115000.00</subfield>
   <subfield code="w">2025-05-16</subfield>
   <subfield code="y">BK</subfield>
  </datafield>
  <datafield tag="980" ind1=" " ind2=" ">
   <subfield code="a">Thư viện Trường Đại học Nam Cần Thơ</subfield>
  </datafield>
 </record>
</collection>
